Cooperativas rurales: Alternativas reformista para el desarrollo del capitalismo en el campo guatemalteco (1970-1976)
Sábháilte in:
| Príomhchruthaitheoir: | |
|---|---|
| Formáid: | Téacs |
| Foilsithe / Cruthaithe: |
Guatemala :
|
| Clibeanna: |
Cuir clib leis
Níl clibeanna ann, Bí ar an gcéad duine le clib a chur leis an taifead seo!
|
MARC
| LEADER | 00000 a a2200000 04500 | ||
|---|---|---|---|
| 001 | 15784 | ||
| 003 | |||
| 040 | |||
| 090 | |a 014700 | ||
| 100 | |a Jo Leu, Elsa Aida | ||
| 245 | |a Cooperativas rurales: Alternativas reformista para el desarrollo del capitalismo en el campo guatemalteco (1970-1976) | ||
| 260 | |a Guatemala : | ||
| 300 | |a 30 p. | ||
| 500 | |a Proyecto de tesis, presentado a CLACSO -programa de becas- y a FLACSO, para la maestría | ||
| 999 | |c 12310 |d 12310 | ||
